Filmographie d'Howard Shore par images - Statistiques

Statistiques générales
  • Ce quiz a été pris 59 fois
  • Le résultat moyen est 11 sur 18
Statistiques - réponses
Par images Hint Réponse % Correct
2001 Le Seigneur des Anneaux : La Communauté de l'anneau
98%
2012 Le Hobbit : Un voyage inattendu
93%
1991 Le Silence des Agneaux
93%
1995 Seven
93%
2010 Twilight, chapitre III : Hésitation
85%
2013 Le Loup de Wall Street
78%
1993 Madame Doubtfire
75%
1986 La Mouche
69%
2006 Les Infiltrés
69%
2002 Panic Room
56%
1993 Philadelphia
56%
2004 Aviator
49%
1994 Ed Wood
45%
2011 Hugo Cabret
44%
2002 Gangs of New York
36%
1997 The Game
36%
1999 eXistenZ
25%
2015 Spotlight
22%
Aucun quiz correspondant
Distribution des résultats
% des personnes avec chaque résultat
Percentile par nombre de réponses
Votre historique - résultats
Vous n’avez pas pris ce quiz